000 00940nam0a2200289 4500
001 RU\NLR\ONL1\18427
005 20251118181805.6
035 _a(NLR Aleph) 009647165
090 _a9566484
_c9566484
100 _a20110907d1989 c y0rusy50 ca
101 0 _akom
102 _aRU
105 _aa |||||||||
200 1 _aСьод ракаяс да кань
_fВ. Каринский
_g[худож. В. Б. Осипов]
210 _aСыктывкар
_cКоми кн. изд-во
_d1989
215 _a1 л., слож. в 12 с.
_cил.
_d22
541 1 _aГрачи и кошка
_eстихотворение для детей
_zrus
686 1 _aШ9(2)6=Ко-5
700 1 _aКаринский
_bВ.
_4070
702 1 _aОсипов
_bВ. Б.
_4440
801 0 _aRU
_bNLR
_c20110907
_gPSBO
852 _aNLR
_bОНЛ
_jКоми-з./3-2336
899 _aНБ РК
942 _cBOOK
980 _aNB